Представление документа в формате RUSMARC

ПолеНазваниеЗначение
  Тип записи a
  Библиографический уровень m
001 Контрольный номер 59fe5c3a012c44b4ad760948dfcbe86e
005 Дата корректировки 20210218170428.8
010 Индекс ISBN __
a ISBN 978-5-394-02899-1
101 Язык документа 0_
a Язык текста rus
102 Страна публикации __
a Страна публикации RU
200 Заглавие и сведения об ответственности 1_
a Заглавие Основы педагогики вуза
b Общее обозначение материала Текст
e Сведения, относящиеся к заглавию учеб.пособие
f Первые сведения об ответственности В.Я. Портных
210 Выходные данные 1_
a Место издания Москва
c Издательство Дашков и К
d Дата издания 2018
215 Физическое описание __
a Объем 246 с.
300 Общие примечания __
a Общие примечания На форзаце дарственная надпись автора. По тесту авторские пометки рукописные
610 Ключевые слова 0_
a Ключевые слова педагогика высшей школы
a Ключевые слова студенты
a Ключевые слова вуз
a Ключевые слова воспитательный процесс
a Ключевые слова учебное пособие
686 Индексы других классификаций __
a Классификационный индекс 74.58
a Классификационный индекс 88.52
700 Автор _1
a Фамилия Портных
b Имя В. Я.
g Полное личное имя Василий Яковлевич
801 Источник записи _0
a Страна RU
b Организация РУК
g Правила каталогизации PSBO
c Дата составления 20210218
801 Источник записи _1
a Страна RU
b Организация РУК
g Правила каталогизации PSBO
852 Данные о местонахождении __
i Авторский знак П 60
j Шифр хранения ББК 74
901 Тип документа __
t Тип документа m
912 Принадлежность преподавателя к РУК __
a Принадлежность преподавателя к РУК преподаватель Головного вуза
913 Издано в Центросоюзе __
a Издано в Центросоюзе Головной вуз
937 Технологическая информация __
a Создатель записи (имя) Мясникова
938 Служебная информация __
a Название организации Головной вуз
952 Тип литературы __
c Вид литературы учебное пособие